MARC

LEADER 00000nam0a2200000 4500
001 271807
005 20231101234455.0
020 |a RU  |b 87-53410 
035 |a (RuTPU)RU\TPU\book\295010 
090 |a 271807 
100 |a 20141011d1987 km y0rusy5003 ca 
101 0 |a rus 
102 |a RU 
105 |a y z 000zb 
200 1 |a Проблема личности в философском наследии Д. И. Писарева  |f В. О. Гошевский  |g под ред. В. С. Никоненко 
210 |a Ленинград  |c Изд-во ЛГУ  |d 1987 
215 |a 135 с. 
600 1 |a Писарев  |g Дмитрий Иванович  |b Д. И.  |c российский публицист  |c литературный критик  |f 1840-1868  |2 stltpush  |3 (RuTPU)RU\TPU\pers\1579 
606 1 |a Русские революционные демократы  |x Философия  |2 stltpush  |3 (RuTPU)RU\TPU\subj\26381  |9 50321 
610 1 |a философские взгляды 
610 1 |a общественная мысль 
610 1 |a Россия 
610 1 |a история 
610 1 |a 19 век 
610 1 |a личность 
610 1 |a теория 
610 1 |a методологические основы 
610 1 |a воспитание 
610 1 |a образование 
610 1 |a труд 
610 1 |a освобождение 
686 |a Ю3(2)51-538  |v LBC/SL-A  |2 rubbk 
700 1 |a Гошевский  |b В. О.  |g Василий Онуфриевич  |4 070 
801 0 |a RU  |b RuMRKP  |c 19950417  |g psbo 
801 1 |a RU  |b 63413507  |c 20141011 
801 2 |a RU  |b 63413507  |c 20170314  |g RCR 
942 |c BK